Gründungsmitglieder 2. Bundesliga (1974/75) - Statistiken

Allgemein
  • Dieses Quiz wurde 101 mal gespielt
  • Das Durchschnittsergebnis liegt bei 19 aus 40
Antwortstatistiken
Staffel Platz Verein % Korrekt
Nord 1. Hannover 96
80%
Nord 3. St. Pauli
74%
Nord 19. VfL Wolfsburg
74%
Süd 15. SpVgg Fürth
72%
Süd 11. Mainz 05
70%
Nord 9. Preußen Münster
68%
Süd 16. Stuttgarter Kickers
68%
Nord 15. Alemannia Aachen
66%
Süd 1. Karlsruher SC
66%
Süd 6. Nürnberg
65%
Süd 12. FC Augsburg
64%
Nord 8. VfL Osnabrück
64%
Süd 5. 1860 München
62%
Nord 4. Arminia Bielefeld
61%
Nord 6. Borussia Dortmund
59%
Süd 7. Saarbrücken
58%
Süd 10. Darmstadt 98
55%
Nord 5. Fortuna Köln
54%
Nord 18. RW Oberhausen
54%
Süd 14. FC 08 Homburg
53%
Nord 2. Bayer Uerdingen
51%
Nord 7. Wattenscheid 09
49%
Süd 18. Borussia Neunkirchen
47%
Süd 9. Bayreuth
46%
Nord 12. Schwarz-Weiß Essen
43%
Süd 8. Waldhof Mannheim
41%
Nord 10. SC Göttingen 05
34%
Süd 19. Wormatia Worms
34%
Nord 14. DJK Gütersloh
32%
Süd 3. Schweinfurt
30%
Süd 2. FK Pirmasens
28%
Nord 17. Olympia Wilhelmshaven
26%
Süd 17. VfR Heilbronn
23%
Nord 11. 1. FC Mülheim
20%
Süd 13. SV Röchling Völklingen
19%
Nord 20. Barmbek-Uhlenhorst
18%
Süd 20. VfR Mannheim
18%
Nord 16. SpVgg Erkenschwick
14%
Süd 4. FC Bayern Hof
12%
Nord 13. Wacker 04 Berlin
8%
Keine übereinstimmenden Quizze gefunden
Verteilung der Resultate
Anzahl Personen mit jedem Resultat
Perzentil nach korrekt beantworteten Fragen
Ihre Resultats-Entwicklung
Sie haben dieses Quiz noch nicht gespielt